Statistiche per Primi 15 paesi interessati da Covid-19 - 3 giugno

Clicka qui per fare il quiz!

Statistiche generali

  • Questo quiz è stato fatto 2 volte
  • Il punteggio medio è 10 su 25

Statistiche sulle risposte

nazione% Corretto
Italia
100%
Russia
100%
Belgio
50%
Brasile
50%
Canada
50%
Cile
50%
Cile
50%
Francia
50%
Germania
50%
India
50%
Iran
50%
Irlanda
50%
Perù
50%
Regno Unito
50%
Spagna
50%
Stati Uniti
50%
Svezia
50%
Bahrain
0%
Bielorussia
0%
Emirati
Arabi Uniti
0%
Kuwait
0%
Messico
0%
Qatar
0%
Singapore
0%
Turchia
0%

Distribuzione punteggi

Percentile per numero di risposta

Percentuale di utenti per punteggio

I tuoi punteggi nel tempo

Non hai fatto questo quiz